000 00702nam a2200217 i 4500
001 141483
003 ES-MaACL
005 20250809063521.0
007 t|
008 070924s1962 sp ||||1| spa d
100 1 _aVoillaume, René,
_d1905-2003
_9115676
245 1 0 _aPor los caminos del mundo /
_cRené Voillaume ; traducción de Enrique Fernández Sanz.
260 _aMadrid :
_bMarova,
_c[1962]
300 _aXXI, 412 p. ;
_c18 cm.
490 1 _aMaran-Atha Ven Señor
610 2 4 _aHermanitos de Jesús.
_9165897
700 1 _aFernández Sanz, Enrique.
_950080
830 0 _aMaran-Atha Ven Señor
_9187214
852 _aES-MaACL
_jP-250-bis
_bR.51471
999 _c141483
_d141483